<?xml version="1.0" encoding="UTF-8"?>
<record
    xmlns:xsi="http://www.w3.org/2001/XMLSchema-instance"
    xsi:schemaLocation="http://www.loc.gov/MARC21/slim http://www.loc.gov/standards/marcxml/schema/MARC21slim.xsd"
    xmlns="http://www.loc.gov/MARC21/slim">

  <leader>00540nam a2200205uu 4500</leader>
  <controlfield tag="001">WIIW0000188</controlfield>
  <controlfield tag="003">OSt</controlfield>
  <controlfield tag="005">20250110145124.0</controlfield>
  <controlfield tag="008">250110t2020    xxk||||| ||||||0| | eng d</controlfield>
  <datafield tag="020" ind1=" " ind2=" ">
    <subfield code="a">0-7102-0733-6</subfield>
  </datafield>
  <datafield tag="040" ind1=" " ind2=" ">
    <subfield code="c">OSt</subfield>
  </datafield>
  <datafield tag="041" ind1=" " ind2=" ">
    <subfield code="a">eng</subfield>
  </datafield>
  <datafield tag="100" ind1=" " ind2=" ">
    <subfield code="d">John Pearce and John Sutton;</subfield>
  </datafield>
  <datafield tag="245" ind1="0" ind2="0">
    <subfield code="a">Protection and Industrial Policy in Europe.</subfield>
  </datafield>
  <datafield tag="260" ind1=" " ind2=" ">
    <subfield code="a">London, Boston and Henley;</subfield>
    <subfield code="b">Routledge and Kegan Paul,</subfield>
    <subfield code="c">1985.</subfield>
  </datafield>
  <datafield tag="300" ind1=" " ind2=" ">
    <subfield code="a">220 S. ;</subfield>
    <subfield code="c">21,5 cm.</subfield>
  </datafield>
  <datafield tag="650" ind1=" " ind2=" ">
    <subfield code="a">Industrial Policy</subfield>
  </datafield>
  <datafield tag="651" ind1=" " ind2=" ">
    <subfield code="a">Europe</subfield>
  </datafield>
  <datafield tag="942" ind1=" " ind2=" ">
    <subfield code="c">B</subfield>
    <subfield code="2">z</subfield>
  </datafield>
  <datafield tag="999" ind1=" " ind2=" ">
    <subfield code="c">9070</subfield>
    <subfield code="d">9070</subfield>
  </datafield>
  <datafield tag="952" ind1=" " ind2=" ">
    <subfield code="0">0</subfield>
    <subfield code="1">0</subfield>
    <subfield code="2">z</subfield>
    <subfield code="4">0</subfield>
    <subfield code="7">0</subfield>
    <subfield code="a">BIB</subfield>
    <subfield code="b">BIB</subfield>
    <subfield code="d">2025-01-10</subfield>
    <subfield code="l">0</subfield>
    <subfield code="o">7980</subfield>
    <subfield code="r">2025-01-10 14:44:06</subfield>
    <subfield code="w">2025-01-10</subfield>
    <subfield code="y">B</subfield>
  </datafield>
</record>
